书目信息 |
| 题名: |
城乡统筹背景下的城乡风貌规划研究
|
|
| 作者: | 袁青, 著 | |
| 分册: | ||
| 出版信息: | 北京 中国建筑工业出版社 2012.12 |
|
| 页数: | 162页 | |
| 开本: | 26cm | |
| 丛书名: | 当代城市规划著作大系 | |
| 单 册: | ||
| 中图分类: | TU98 | |
| 科图分类: | ||
| 主题词: | 城乡规划--cheng xiang gui hua--研究 | |
| 电子资源: | ||
| ISBN: | 978-7-112-15292-6 | |
| 000 | 01117nam 2200265 450 | |
| 001 | 1364260983 | |
| 005 | 20180426113709.26 | |
| 010 | @a978-7-112-15292-6@dCNY42.00 | |
| 100 | @a20131212d2012 em y0chiy50 ea | |
| 101 | 0 | @achi |
| 102 | @aCN@b110000 | |
| 105 | @aabk a 000yy | |
| 200 | 1 | @a城乡统筹背景下的城乡风貌规划研究@Acheng xiang tong chou bei jing xia de cheng xiang feng mao gui hua yan jiu@f袁青著 |
| 210 | @a北京@c中国建筑工业出版社@d2012.12 | |
| 215 | @a162页@c图, 地图@d26cm | |
| 225 | 2 | @a当代城市规划著作大系@Adang dai cheng shi gui hua zhu zuo da xi |
| 320 | @a有书目 (第155-160页) | |
| 330 | @a本书针对城乡统筹背景下城乡发展出现的新趋势以及现阶段城乡风貌存在的新问题, 运用系统学原理和景观生态学、经济地理学、文化地理学的理论方法对城乡风貌特色的构成要素进行研究, 提出城乡风貌特色保护、修复和构建的方法, 并建立相应的城乡风貌管理体系。 | |
| 410 | 0 | @12001 @a当代城市规划著作大系 |
| 606 | 0 | @a城乡规划@Acheng xiang gui hua@x研究 |
| 690 | @aTU98@v5 | |
| 701 | 0 | @a袁青,@Ayuan qing@f1970-@4著 |
| 801 | 0 | @aCN@c20131212 |
| 905 | @dTU98@eY902@f3 | |
| 962 | @aA9787112152926#20130628222103062 | |
| 城乡统筹背景下的城乡风貌规划研究/袁青著.-北京:中国建筑工业出版社,2012.12 |
| 162页:图, 地图;26cm.-(当代城市规划著作大系) |
| ISBN 978-7-112-15292-6:CNY42.00 |
| 本书针对城乡统筹背景下城乡发展出现的新趋势以及现阶段城乡风貌存在的新问题, 运用系统学原理和景观生态学、经济地理学、文化地理学的理论方法对城乡风貌特色的构成要素进行研究, 提出城乡风貌特色保护、修复和构建的方法, 并建立相应的城乡风貌管理体系。 |
| ● |
| 相关链接 |
|
|
|
正题名:城乡统筹背景下的城乡风貌规划研究
索取号:TU98/Y902
 
预约/预借
| 序号 | 登录号 | 条形码 | 馆藏地/架位号 | 状态 | 备注 |
| 1 | 1298995 | 212989952 | 建筑与城市规划学院资料室/ [索取号:TU98/Y902] | 在馆 | |
| 2 | 816520 | 208165206 | 建筑库201/201建筑库 58排6列3层/ [索取号:TU98/Y902] | 在馆 | |
| 3 | 816521 | 208165215 | 建筑库201/201建筑库 58排6列3层/ [索取号:TU98/Y902] | 在馆 | |
| 4 | 816522 | 208165224 | 建筑库201/201建筑库 58排6列3层/ [索取号:TU98/Y902] | 在馆 |